LEADER 01617nam a2200265 4500 001 000000350770 003 CaOOAMICUS 005 20220905105955.0 008 220704s2021 it a 000 u ita r 040 $aSeMil$bita 245 00$aPaderno Dugnano :$bstoria di una promozione umana : la scuola di disegno applicato all'arte del legno e la scuola civica professionale "Don Filippo Anghileri" di Palazzolo Milanese /$ca cura di Luciano Bissoli. 264 1$aPaderno Dugnano :$bComune di Paderno Dugnano,$c2021. 300 $a191 p. :$bill. ;$c29 cm 500 $aIn mezzo al front.: Parrocchia S. Martino vescovo in Palazzolo Milanese, Associazione La Compagnia del Pilastrello 541 0 $aOmaggio mons. Mario Delpini (3P V 550) 650 0$aPaderno Dugnano - Palazzolo Milanese - Scuola di disegno applicato all'arte del legno.$0(OLS)http://semarc/subject/52593 650 0$aPaderno Dugnano - Storia.$0(OLS)http://semarc/subject/52592 700 1 $aBissoli, Luciano.$0(OLS)http://semarc/name/112490 850 $aSeMil 852 $aSeMil$W1$xVenegono$y1$m3P V 550$j234369$B241795$CSeMilBibl$Z2$F241795 $81 941 1 $a7 961 $aOmaggio mons. Mario Delpini. -- Con firma autografa del curatore (Luciano Bissoli) - 21 aprile 2022 996 $6245$aPaderno Dugnano :$bstoria di una promozione umana : la scuola di disegno applicato all'arte del legno e la scuola civica professionale "Don Filippo Anghileri" di Palazzolo Milanese$9(OLS)http://semarc/title/440590 996 $6264$aPaderno Dugnano :$bComune di Paderno Dugnano$9(OLS)http://semarc/publisher/59287 LEADER 01662nam a2200277 4500 001 000000339347 003 CaOOAMICUS 005 20200211121204.0 008 200211s1779 fr a 000 u fre r 026 $aurs. teon u,n. n'ce (3) 1779 (R) 040 $aSeMil$bita 245 03$a1: Traité d'insectologie. Observations diverses sur les insectes. 264 1$aA Neuchatel :$bDe l'imprimerie de Samuel Fauche, libraire du Roi,$c1779. 300 $a[4], II, [1], xxxj, [1], 574, [2] p., [1] carta di tav., [16] carte di tav. ripieg. :$bill. ;$c4° 500 $aVignetta calcogr. (Insetti su un ramo), sottoscritta: Bradt fec, sul front. 500 $aAntiporta calcogr. con ritr. dell'A., disegnato da Jens Juel, con data 1777, e inciso da Johan Frederik Clemens, con data 1778 500 $aSegn.: ?² a² ²a-d? A-4C? 700 11$aBonnet, Charles,$d<1720-1793>.$0(OLS)http://semarc/name/12792 700 1 $aClemens, Johan Frederik,$eincisore.$0(OLS)http://semarc/name/110942 700 1 $aJuel, Jens,$eincisore.$0(OLS)http://semarc/name/110943 773 0 $aBonnet, Charles <1720-1793>$tOeuvres d'histoire naturelle et de philosophie de Charles Bonnet ... Tome 1. [-8.].$dA Neuchatel : De l'imprimerie de Samuel Fauche, libraire du Roi, 1779-1783.$g1$w()339334 850 $aSeMil 852 $aSeMil$W1$xVenegono$y1$m3XC IV 1 FA$j218511$B230444$CSeMilBibl$Z2$F230444 $8I 996 $6245$a1: Traité d'insectologie. Observations diverses sur les insectes$9(OLS)http://semarc/title/428170 996 $6264$aA Neuchatel :$bDe l'imprimerie de Samuel Fauche, libraire du Roi$9(OLS)http://semarc/publisher/58838 LEADER 00848nam a2200181 i 4500 001 000000077713 003 CaOOAMICUS 005 20241030163841.0 008 050526s2001 it u000 u mul u 040 $aSeMil$bita 245 00$aTomo 2. 300 $aP. 430-886, [52] carte di tav. :$bill. ;$c25 cm 773 0 $aFondazione Centro italiano di studi sull'Alto Medioevo $tPaolo Diacono e il Friuli Altomedievale (secc. 6.-10.).$dSpoleto : Centro Italiano di studi sull'Alto Medioevo, 2001.$kAtti dei congressi / Centro italiano di studi sull'Alto Medioevo$z88-7988-113-2$g2$w()6541 850 $aSeMil 852 $aSeMil$W1$xVenegono$y1$m3TA C 14/2$j251981$B43865$CSeMilBibl$Z2$F43648 $81 961 $aSottoscrizione: Centro Italiano di Studi sull'Alto Medioevo 996 $6245$aTomo 2$9(OLS)http://semarc/title/49331 LEADER 04227nam a2200625 i 4500 001 000000113954 003 CaOOAMICUS 005 20130318000000.0 008 130318s2000 gw u000 u ger u 013 $a86640 020 $a3-451-27244-X 040 $aSeMil$bita 245 10$aÖkumene vor neuen Zeiten :$bfür Theodor Schneider /$cherausgegeben von Konrad Raiser und Dorothea Sattler. 260 $aFreiburg ; Basel ; Wien :$bHerder,$c2000. 300 $a575 p. :$b[1] c. di tav. :$britr. ;$c24 cm. 650 4$aTeologia - Saggi.$0(OLS)http://semarc/subject/231 650 4$aEcumenismo.$0(OLS)http://semarc/subject/3071 650 4$aSchneider, Theodor.$0(OLS)http://semarc/subject/20723 700 1 $aSchneider, Theodor,$d<1930- >.$0(OLS)http://semarc/name/2571 700 1 $aSattler, Dorothea.$0(OLS)http://semarc/name/8502 700 1 $aRaiser, Konrad,$c.$0(OLS)http://semarc/name/47692 774 0 $aGassmann, Günther <1931-2017>$tVerändernde Kraft der ökumenischen Bewegung und ihr bleibender Auftrag.$w()306487 774 0 $aVorster, Hans$tHoffen, Bekennen, Nachfolgen.$w()306488 774 0 $aEßer, Hans Helmut$tEvangelisch-katholische Ökumene von unten.$w()306489 774 0 $aKühn, Ulrich <1932-2012>$tÖkumene in Ostdeutschland.$w()306490 774 0 $aWilckens, Ulrich <1928- >$tÖkumenische Spiritualität.$w()306491 774 0 $aSöding, Thomas <1956- >$tNeutestamentliche Exegese und ökumenische Theologie.$w()306492 774 0 $aHahn, Ferdinand$tSinn und Funktion eines Konsenses.$w()306493 774 0 $aWiedenhofer, Siegfried <1941- >$tFaktum der Kirchenspaltung.$w()306494 774 0 $aOeyen, Christian <1934- >$tZur ökumeninschen Relevanz der christlichen Mystik.$w()306495 774 0 $aLohse, Eduard <1924-2015>$tZur ökumeninschen Bedeutung des Augsburgischen Bekenntnisses.$w()306496 774 0 $aLehmann, Karl $tGrundlegend einig.$w()306497 774 0 $aHeld, Heinz Joachim$tGemeinsame Erklärung zur Rechtfertigungslehre.$w()306498 774 0 $aKlaiber, Walter <1940- >$tÖkumenische Verantwortung für die Rechtfertigungslehre heute.$w()306499 774 0 $aSattler, Dorothea$tMaria als Sinnbild der erlosten Schopfung. Einubung in eine okumenisch sensibilisierte Dogmenhermeneutik.$w()306500 774 0 $aNeuner, Peter <1941- >$tVom Amtermemorandum zur Lehrverwerfungsstudie.$w()306501 774 0 $aWenz, Günther <1949- >$tVerhältnis zwischen Eucharistie und Kirche in kirchenrechtlicher Perspektive.$w()306503 774 0 $aWenz, Günther <1949- >$tSanctorum Communio.$w()306504 774 0 $aRaiser, Konrad $tÖkumenische Gemeinschaft und Orthodoxie.$w()306551 774 0 $tAuftrag der Orthodoxie an der Schwelle zum dritten Jahrtausend.$w()306552 774 0 $aIonita, Viorel$tEinige Bezugspunkte orthodoxer Theologie und Spiritualität aus der Sicht von Dumitru Staniloae.$w()306553 774 0 $aGeldbach, Erich <1939->$tKatholiken und Baptisen im Gesprach.$w()306554 774 0 $aFrieling, Reinhard$tVersöhnte Verschiedenheit und unversöhnte Gegensätze.$w()306555 774 0 $aPesch, Otto Hermann <1931-2014>$tHeisse Eisen der Ökumene im Spiegel ökunenischer Probleme des Alltags.$w()306556 774 0 $aUllrich, Peter-Otto$tHerausgefordert vom Fremden.$w()306557 774 0 $aLowe, Hartmut$tStilreine Konfessionen? Über die Torheit einer Reproduktion Klassischer Kontroversen angesischts der Situatio des Christentums heute.$w()306558 774 0 $aMeyer, Harding <1928- >$tökumenische Zukunft.$w()306559 774 0 $aRitschl, Dietrich$tKonsens ist nicht das höchste Ziel.$w()306560 774 0 $aWanke, Joachim$tPredigt im Vespergottesdienst zur Unterzeichnung der "Gemeinsamen Erklärung zur Rechtfertigungslehre".$w()306561 850 $aSeMil 852 $aSeMil$W1$xVenegono$y1$m2M VI 14$j257658$B69599$CSeMilBibl$Z2$F77437 $81 961 $aAcquisto: Herder 996 $6020$a3-451-27244-X$9(OLS)http://semarc/number/97153 996 $6245$aÖkumene vor neuen Zeiten :$bfür Theodor Schneider$9(OLS)http://semarc/title/166498 996 $6260$aFreiburg ; Basel ; Wien :$bHerder$9(OLS)http://semarc/publisher/29643